000 00662nam a2200229Ia 4500
003 OSt
005 20220918180029.0
006 a|||||r|||| 00| 0
007 ta
008 220917b |||||||| |||| 00| 0 eng d
024 _a20,312
037 _cTextual
040 _aARTS
_cARTS
_beng
041 _2eng
_aeng
082 _aO:1:9M5, J0
100 _aStubbs John Heath
_955523
245 0 _aDarkling plain
_b a study of the later foutunes of romanticism in English poetry from George Darley to W. B. Yests
260 _c1950
650 _aENGLISH LITERATURE
942 _hO:1:9M5, J0
_cTEXL
_2CC
999 _c160046
_d160046